000 00694nam a2200241 a 4500
001 83540
003 BD-RjUL
005 20240418145627.0
008 240418s19571938enk 00011 eng d
035 _a(BD-RjUL)83540
040 _aANL
_beng
_dANL
_cBD-RjUL
041 _aeng
082 0 _220
_a823.912
_bHUM 1957
100 1 _aHuxley, Elspeth,
_d1907-
_912625
245 1 0 _aMurder on safari /
_cElspeth Huxley.
260 _aHarmondsworth, Eng. :
_bPenguin Books,
_c1938,1957.
300 _a203 p. ;
_c18 cm.
490 1 _aPenguin books ;
_v1129
500 _aOriginally published: Methuen, 1938.
650 _aEnglish fiction
830 0 _aPenguin books ;
_v1129.
_910969
942 _2ddc
_cBK
999 _c83540
_d83540